000 00346cam a2200133ua 4500
003 OSt
008 220928b |||||||| |||| 00| 0 eng d
041 _aeng
082 _a028.7463
245 _aFourteenth international congress on irrigation and drainage, Brazil Vol.II
260 _a :
_bICID & CIID ,
_c1990.
300 _a290 ; .
942 _cBK
999 _c5989
_d5989